Die 100 besten Fußballer der Männer des Jahres 2024 - Statistiken

Allgemein
  • Dieses Quiz wurde 4.606 mal gespielt
  • Das Durchschnittsergebnis liegt bei 44 aus 100
Antwortstatistiken
# Club Player % Korrekt
3. Manchester City Erling Haaland
94%
2. Real Madrid Vinícius Júnior
93%
6. Bayern Munich Harry Kane
92%
1. Manchester City Rodri
92%
8. Bayer Leverkusen Florian Wirtz
91%
4. Barcelona Lamine Yamal
89%
10. Real Madrid Kylian Mbappé
88%
27. Inter Miami Lionel Messi
86%
42. Al-Nassr Cristiano Ronaldo
85%
11. Liverpool Mohamed Salah
84%
7. Inter Lautaro Martínez
81%
19. Bayern Munich Jamal Musiala
80%
5. Real Madrid Jude Bellingham
77%
21. Barcelona Robert Lewandowski
75%
23. Aston Villa Emiliano Martínez
74%
60. Tottenham Hotspur Son Heung-min
73%
39. Barcelona Pedri
70%
31. Real Madrid Rodrygo
70%
16. Real Madrid Toni Kroos
70%
24. Real Madrid Antonio Rüdiger
69%
13. Arsenal Bukayo Saka
67%
76. Bayern Munich Joshua Kimmich
67%
14. Athletic Bilbao Nico Williams
67%
58. Real Madrid Luka Modric
66%
12. Chelsea Cole Palmer
65%
36. Manchester City Kevin De Bruyne
64%
26. Bayer Leverkusen Granit Xhaka
58%
30. Liverpool Virgil van Dijk
58%
9. Real Madrid Dani Carvajal
57%
51. Real Madrid Thibaut Courtois
56%
33. Bayer Leverkusen Alex Grimaldo
55%
15. Manchester City Phil Foden
55%
64. Bayer Leverkusen Jeremie Frimpong
54%
20. Real Madrid Federico Valverde
53%
78. Arsenal Kai Havertz
53%
18. Arsenal Martin Ødegaard
50%
41. Atlético Madrid Antoine Griezmann
47%
75. Bayer Leverkusen Jonathan Tah
46%
34. Arsenal Declan Rice
45%
50. Manchester City Ederson
45%
61. AC Milan Rafael Leão
45%
29. Sporting CP Viktor Gyökeres
45%
22. Atalanta Ademola Lookman
44%
25. Barcelona Raphinha
44%
59. Eintracht Frankfurt Omar Marmoush
43%
43. Borussia Dortmund Serhou Guirassy
43%
89. Real Madrid Eduardo Camavinga
42%
35. Manchester City Rúben Dias
42%
66. Liverpool Trent Alexander-Arnold
42%
28. Arsenal William Saliba
42%
62. Bayer Leverkusen Victor Boniface
41%
79. Liverpool Alisson
39%
99. Borussia Dortmund Julian Brandt
39%
85. Bayern Munich Michael Olise
39%
92. Borussia Dortmund Gregor Kobel
38%
63. Manchester United Bruno Fernandes
37%
40. Manchester City Bernardo Silva
36%
74. Galatasaray Victor Osimhen
36%
65. Roma Mats Hummels
35%
46. Inter Nicolò Barella
35%
52. Inter Alessandro Bastoni
33%
57. Arsenal Gabriel Magalhães
33%
91. Athletic Bilbao Unai Simón
33%
55. Atlético Madrid Julián Alvarez
32%
67. Inter Marcus Thuram
32%
47. Paris Saint-Germain Vitinha
30%
17. Barcelona Dani Olmo
29%
90. Newcastle Alexander Isak
28%
69. RB Leipzig Xavi Simons
28%
56. Paris Saint-Germain Achraf Hakimi
27%
38. Liverpool Alexis Mac Allister
27%
53. Inter Federico Dimarco
27%
87. Barcelona Jules Koundé
26%
68. Manchester City Kyle Walker
25%
54. Aston Villa Ollie Watkins
25%
73. Lille Jonathan David
24%
88. Paris Saint-Germain Bradley Barcola
23%
84. Liverpool Cody Gakpo
23%
32. Inter Hakan Calhanoglu
23%
49. Napoli Khvicha Kvaratskhelia
22%
81. Barcelona Pau Cubarsí
22%
45. Manchester City Josko Gvardiol
21%
86. Arsenal David Raya
19%
93. Juventus Dusan Vlahovic
17%
100. Borussia Dortmund Marcel Sabitzer
17%
72. Chelsea Marc Cucurella
15%
71. Benfica Ángel Di María
14%
96. AC Milan Mike Maignan
14%
95. AC Milan Christian Pulisic
13%
98. Al-Hilal Aleksandar Mitrovic
12%
70. AC Milan Álvaro Morata
12%
44. Paris Saint-Germain Fabián Ruiz
12%
37. Liverpool Luis Díaz
12%
82. Real Madrid Andriy Lunin
9%
48. Roma Artem Dovbyk
9%
94. Manchester City Savinho
9%
83. Tottenham Hotspur Cristian Romero
7%
80. Valencia Giorgi Mamardashvili​
5%
77. Rayo Vallecano James Rodríguez
5%
97. Arsenal Riccardo Calafiori
5%
Keine übereinstimmenden Quizze gefunden
Verteilung der Resultate
Anzahl Personen mit jedem Resultat
Perzentil nach korrekt beantworteten Fragen
Ihre Resultats-Entwicklung
Sie haben dieses Quiz noch nicht gespielt